000
00335nam a2200133Ia 4500
008
151001s9999||||xx |||||||||||||| ||und||
100
_a
संजय सोनवणी
245
_a
अखेरचा सम्राट
250
_a
2
260
_b
पुण्य
260
_c
2000
300
_a
230
365
_b
21
999
_c
978138
_d
978135